000 01575cam a22004693a 4500
001 3295
003 FISKH
005 20240223153840.0
008 060517s2004 nyuab j 000 1 eng d
010 _a 2006276318
020 _a0439813867 (pbk.)
020 _a9780439813860
035 _a(OCoLC)ocm65655877
040 _aBKX
_cBKX
_dBAKER
_dDLC
_beng
050 0 0 _aPZ7.M43369
082 0 4 _a[Fic]
_222
100 1 _aMeadows, Daisy.
245 1 0 _aAbigail, the breeze fairy /
_cby Daisy Meadows
260 _aNew York :
_bScholastic,
_c2004
300 _a67 pages :
_billustrations, map ;
_c20 cm.
490 1 _aRainbow magic. Weather fairies ;
_vBook 2
500 _a"A Little Apple paperback."
505 _aP
520 0 _aAbigail the Breeze Fairy has been blown off-course without her wispy wind feather. Will Rachel and Kirsty be able to find the feather and bring calm to the blustery village?
521 8 _a650
_bLexile
521 8 _aP
_bRaz-Plus
650 0 _aFairies
_vJuvenile fiction.
650 0 _aFeathers
_vJuvenile fiction.
650 0 _aLost articles
_vJuvenile fiction.
650 0 _aWeather
_vJuvenile fiction.
650 0 _aVillages
_vJuvenile fiction.
650 1 _aFairies
_vFiction.
650 1 _aFeathers
_vFiction.
650 1 _aLost and found possessions
_vFiction.
650 1 _aWeather
_vFiction.
650 1 _aVillages
_vFiction.
650 1 _aFantasy.
655 7 _aFantasy fiction
_2gsafd
700 1 _aRipper, Georgie.
_eillustrator
906 _a7
_bcbc
_ccopycat
_d2
_encip
_f20
_gy-gencatlg
942 _2ddc
_cBK
_n0
999 _c3295
_d3295